000 00465nam a2200157 i 4500
001 bg
245 0 _aFizykochemia i technika smarowania :
_b9 Jesienna Szkoła Tribologiczna : wrzesień 1979 : referaty prograamowe.
260 _aZielona Góra :
_bWyż. Szk. Inż.,
_c1979.
300 _as. 256 :
_brys., tab.
504 _a[Zawiera bibliogr.].
040 _cBPK
041 _apol
080 _a621.89
942 _cKS
008 s pl f |000 0 pol
999 _c18884
_d18884
856 _uhttp://koha.tu.koszalin.pl/cgi-bin/koha/opac-detail.pl?biblionumber=18884
_yKatalog online BPK